निरूक्त के पूर्वषट्टक में उदाह्त मत्रो का समीक्षात्मक अध्ययन (Record no. 888136)

MARC details
000 -LEADER
fixed length control field 00981nam a2200229Ia 4500
003 - CONTROL NUMBER IDENTIFIER
control field OSt
005 - DATE AND TIME OF LATEST TRANSACTION
control field 20260417173228.0
008 - FIXED-LENGTH DATA ELEMENTS--GENERAL INFORMATION
fixed length control field 220926b |||||||| |||| 00| 0 hin d
037 ## - SOURCE OF ACQUISITION
Terms of availability Theses
040 ## - CATALOGING SOURCE
Original cataloging agency CRL
Transcribing agency CRL
Language of cataloging hin
041 ## - LANGUAGE CODE
Source of code hin
Language code of text/sound track or separate title hin
100 ## - MAIN ENTRY--PERSONAL NAME
Personal name पारीक, मीनाक्षी, ले.
9 (RLIN) 1235115
245 #0 - TITLE STATEMENT
Title निरूक्त के पूर्वषट्टक में उदाह्त मत्रो का समीक्षात्मक अध्ययन
246 ## - VARYING FORM OF TITLE
Title proper/short title Nirūkta ke pūrvaṣhaṭṭak mean udāhta matro kā samīkṣhātmak adhyayana
260 ## - PUBLICATION, DISTRIBUTION, ETC.
Place of publication, distribution, etc. दिल्ली
Name of publisher, distributor, etc. डिर्पामेन्ट ऑफ संस्कृत दिल्ली विश्वविद्यालय भारत
Date of publication, distribution, etc. 2005
300 ## - PHYSICAL DESCRIPTION
Extent 534पृ0
-- p.
Dimensions cm.
942 ## - ADDED ENTRY ELEMENTS (KOHA)
Koha item type Thesis
Source of classification or shelving scheme Colon Classification (CC)
Holdings
Withdrawn status Lost status Damaged status Not for loan Home library Current library Date acquired Total Checkouts Barcode Date last seen Price effective from Koha item type
        Central Library Central Library 2022-09-30   TH0017266 2022-09-30 2022-09-30 Thesis
Copyright @ Delhi University Library System